• 首页
  • 本馆介绍
  • 公告通知
  • 最新文献
  • 馆藏检索
  • 电子资源
  • 读者导购
  • 参考咨询
  • 我的图书馆
  • 登录
  • 详细信息显示
  • 放入我的书架
  • 预约/预借图书
  • 作者相关作品
  • 分类相关作品
  • 丛书相关作品
  • 出版社相关作品

书目信息

  • 表格格式
  • 工作单格式
  • 卡片格式
题名:
南极冰川学
    
 
作者: 秦大河 , 任贾文 主编
分册:  
出版信息: 北京   科学出版社  2001.2
页数: 239页
开本: 26cm
丛书名:
单 册:
中图分类: P343.6
科图分类:
主题词: 冰川学--南极
电子资源:
ISBN: 7-03-009092-6
000 00587nam0 2200205 45
001 0301160979
005 20031219104103.5
010    @a7-03-009092-6@b精装@dCNY42.00
100    @a20030116d2001 km y0chiy0120 ea
101 0  @achi
105    @aa z 000yy
200 1  @a南极冰川学@ANan Ji Bing Chuan Xue@f秦大河,任贾文主编@FQin Da He,Ren Jia Wen Zhu Bian
210    @a北京@c科学出版社@d2001.2
215    @a239页@c图@d26cm
606 0  @a冰川学@y南极
690    @aP343.6@v4
701  0 @a秦大河@4主编
701  0 @a任贾文@4主编
801    @aCN@bTSTC@c20030116
905    @b319406@dP343.6@e50@f1
    
    南极冰川学/秦大河,任贾文主编.-北京:科学出版社,2001.2
    239页:图;26cm
    
    
    ISBN 7-03-009092-6(精装):CNY42.00
    
●
相关链接 在E读中查询图书 在五车中查询图书 在当当中查询图书 在豆瓣中查询图书


正题名:南极冰川学     索取号:P343.6/50         预约/预借

序号 登录号 条形码 馆藏地/架位号 状态 备注
1 0319406   203194060   第二样本阅览室/ [索取号:P343.6/50] 在馆    
唐山师范学院图书馆 欢迎您!
大连网信软件有限公司© 版权所有